<?xml version="1.0" encoding="UTF-8"?>
<record
    xmlns:xsi="http://www.w3.org/2001/XMLSchema-instance"
    xsi:schemaLocation="http://www.loc.gov/MARC21/slim http://www.loc.gov/standards/marcxml/schema/MARC21slim.xsd"
    xmlns="http://www.loc.gov/MARC21/slim">

  <leader>01768nam a22005177a 4500</leader>
  <controlfield tag="008">151019b        xxu||||| |||| 00| 0 eng d</controlfield>
  <datafield tag="020" ind1=" " ind2=" ">
    <subfield code="a">9789968982450</subfield>
  </datafield>
  <datafield tag="082" ind1=" " ind2=" ">
    <subfield code="a">708</subfield>
    <subfield code="b">V181e</subfield>
  </datafield>
  <datafield tag="100" ind1=" " ind2=" ">
    <subfield code="a">Ad&#xE1;n Antonio Vallecillo [curador]</subfield>
    <subfield code="9">3766</subfield>
  </datafield>
  <datafield tag="245" ind1=" " ind2=" ">
    <subfield code="a">+/- esperanza</subfield>
    <subfield code="c">Ad&#xE1;n Antonio Vallecillo [curador], Fiorella Resenterra</subfield>
  </datafield>
  <datafield tag="246" ind1=" " ind2=" ">
    <subfield code="a">Esperanza: Muestra colectiva de arte contempor&#xE1;neo Latinoamericano</subfield>
  </datafield>
  <datafield tag="260" ind1=" " ind2=" ">
    <subfield code="a">San Jos&#xE9;</subfield>
    <subfield code="b">Museo de Arte y Dise&#xF1;o Contempor&#xE1;nreo (MADC)</subfield>
    <subfield code="c">2010</subfield>
  </datafield>
  <datafield tag="300" ind1=" " ind2=" ">
    <subfield code="a">64 p.</subfield>
    <subfield code="b">ill. (col.)</subfield>
    <subfield code="c">25 cm.</subfield>
  </datafield>
  <datafield tag="650" ind1=" " ind2=" ">
    <subfield code="a">Arte Contempor&#xE1;neo</subfield>
    <subfield code="z">Am&#xE9;rica Latina</subfield>
    <subfield code="9">3767</subfield>
  </datafield>
  <datafield tag="650" ind1=" " ind2=" ">
    <subfield code="a">Artistas</subfield>
    <subfield code="9">3768</subfield>
  </datafield>
  <datafield tag="650" ind1=" " ind2=" ">
    <subfield code="a">Cat&#xE1;logos de arte</subfield>
    <subfield code="9">3769</subfield>
  </datafield>
  <datafield tag="650" ind1=" " ind2=" ">
    <subfield code="a">Bellas Artes</subfield>
    <subfield code="9">3770</subfield>
  </datafield>
  <datafield tag="700" ind1=" " ind2=" ">
    <subfield code="a">Barraza, Mayra</subfield>
    <subfield code="9">3771</subfield>
  </datafield>
  <datafield tag="700" ind1=" " ind2=" ">
    <subfield code="a">Calel, Edgar</subfield>
    <subfield code="9">3772</subfield>
  </datafield>
  <datafield tag="700" ind1=" " ind2=" ">
    <subfield code="a">Calzadilla, Anyelmaidelin</subfield>
    <subfield code="9">3773</subfield>
  </datafield>
  <datafield tag="700" ind1=" " ind2=" ">
    <subfield code="a">Castillo,Eder</subfield>
    <subfield code="9">3774</subfield>
  </datafield>
  <datafield tag="700" ind1=" " ind2=" ">
    <subfield code="a">Castillo, Segismundo</subfield>
    <subfield code="9">3775</subfield>
  </datafield>
  <datafield tag="700" ind1=" " ind2=" ">
    <subfield code="a">Conlon, Donna</subfield>
    <subfield code="9">3740</subfield>
  </datafield>
  <datafield tag="700" ind1=" " ind2=" ">
    <subfield code="a">Cort&#xE9;s, Fernando</subfield>
    <subfield code="9">3776</subfield>
  </datafield>
  <datafield tag="700" ind1=" " ind2=" ">
    <subfield code="a">Dom&#xED;nguez, Natalia</subfield>
    <subfield code="9">3777</subfield>
  </datafield>
  <datafield tag="700" ind1=" " ind2=" ">
    <subfield code="a">Esquivel, Mauricio</subfield>
    <subfield code="9">3778</subfield>
  </datafield>
  <datafield tag="700" ind1=" " ind2=" ">
    <subfield code="a">Figueroa, Oscar</subfield>
    <subfield code="9">3779</subfield>
  </datafield>
  <datafield tag="700" ind1=" " ind2=" ">
    <subfield code="a">Gonz&#xE1;lez, Leonardo</subfield>
    <subfield code="9">3780</subfield>
  </datafield>
  <datafield tag="700" ind1=" " ind2=" ">
    <subfield code="a">Harker, Jonathan</subfield>
    <subfield code="9">3573</subfield>
  </datafield>
  <datafield tag="700" ind1=" " ind2=" ">
    <subfield code="a">Ratton, Dominique</subfield>
    <subfield code="9">3781</subfield>
  </datafield>
  <datafield tag="700" ind1=" " ind2=" ">
    <subfield code="a">Dalgo, Patricia</subfield>
    <subfield code="9">3782</subfield>
  </datafield>
  <datafield tag="700" ind1=" " ind2=" ">
    <subfield code="a">Granda, Bel&#xE9;n</subfield>
    <subfield code="9">3783</subfield>
  </datafield>
  <datafield tag="700" ind1=" " ind2=" ">
    <subfield code="a">Ibarra, Karlo</subfield>
    <subfield code="9">3784</subfield>
  </datafield>
  <datafield tag="700" ind1=" " ind2=" ">
    <subfield code="a">Linares, Jorge</subfield>
    <subfield code="9">3475</subfield>
  </datafield>
  <datafield tag="700" ind1=" " ind2=" ">
    <subfield code="a">Madriz, Luc&#xED;a</subfield>
    <subfield code="9">3785</subfield>
  </datafield>
  <datafield tag="700" ind1=" " ind2=" ">
    <subfield code="a">Manzanares, C&#xE9;sar</subfield>
    <subfield code="9">3786</subfield>
  </datafield>
  <datafield tag="700" ind1=" " ind2=" ">
    <subfield code="a">Miranda, Alexia</subfield>
    <subfield code="9">3787</subfield>
  </datafield>
  <datafield tag="700" ind1=" " ind2=" ">
    <subfield code="a">Molinaro, Mart&#xED;n</subfield>
    <subfield code="9">3788</subfield>
  </datafield>
  <datafield tag="700" ind1=" " ind2=" ">
    <subfield code="a">Obdulio Pe&#xF1;a, Omar</subfield>
    <subfield code="9">3789</subfield>
  </datafield>
  <datafield tag="700" ind1=" " ind2=" ">
    <subfield code="a">Oquel&#xED;, Jorge</subfield>
    <subfield code="9">3790</subfield>
  </datafield>
  <datafield tag="700" ind1=" " ind2=" ">
    <subfield code="a">Francisco Papas Fritas</subfield>
    <subfield code="9">3791</subfield>
  </datafield>
  <datafield tag="700" ind1=" " ind2=" ">
    <subfield code="a">Poy&#xF3;n, Angel</subfield>
    <subfield code="9">2410</subfield>
  </datafield>
  <datafield tag="700" ind1=" " ind2=" ">
    <subfield code="a">Romero, Miguel</subfield>
    <subfield code="9">3792</subfield>
  </datafield>
  <datafield tag="700" ind1=" " ind2=" ">
    <subfield code="a">Torres, Adm&#xED;n</subfield>
    <subfield code="9">3793</subfield>
  </datafield>
  <datafield tag="700" ind1=" " ind2=" ">
    <subfield code="a">Vega, Sim&#xF3;n</subfield>
    <subfield code="9">3639</subfield>
  </datafield>
  <datafield tag="999" ind1=" " ind2=" ">
    <subfield code="c">755</subfield>
    <subfield code="d">755</subfield>
  </datafield>
  <datafield tag="952" ind1=" " ind2=" ">
    <subfield code="0">0</subfield>
    <subfield code="1">0</subfield>
    <subfield code="2">ddc</subfield>
    <subfield code="4">0</subfield>
    <subfield code="7">0</subfield>
    <subfield code="a">LV</subfield>
    <subfield code="b">LV</subfield>
    <subfield code="c">Colectivas</subfield>
    <subfield code="d">2015-10-19</subfield>
    <subfield code="l">0</subfield>
    <subfield code="o">708 V181e</subfield>
    <subfield code="p">000762</subfield>
    <subfield code="r">2015-10-19 00:00:00</subfield>
    <subfield code="w">2015-10-19</subfield>
    <subfield code="y">01</subfield>
  </datafield>
</record>
